zpět

Detail výsledku týmu

Questerland - Vinohrady, Praha

Datum a čas kvízu

13 Celkem bodů Celkový počet nahraných bodů na tomto kvízu bez doplňovacích otázek.
8. Pořadí na kvízu Konečné umístění týmu na tomto kvízu.

Zaznamenané odpovědi

# Otázka Odpověď Body Výsledky
1. KSČM ve čtvrtek ukončila člens... Jiří Dolejš 0
2. V Německu se v neděli konaly p... CDU/CSU, Friedrich Merz 0
3. Minulý týden odstartovala na T... 4. řada, Suzuki 0
4. Vedení sítě provozoven jistého... KFC 1
5. Minulý týden v pátek se konalo... Connor McDavid 0
6. Nyní se od aktualit přesuneme... 1B 2D 3C 4A 0
7. Uveďte odborný název pro skupi... ichtyosauři 0
8. Přibližně takto mohl vypadat j... o velociraptora 0
9. Americký spisovatel a scenáris... Michael Crichton 0
10. Na fotce vidíme rekonstrukci l... Lucy 0